Centre Cultural Sant Cugat
Publicado:
Sant Cugat del Vallès :
Ajuntament de Sant Cugat del Vallès : Centre Cultural Sant Cugat, [1995?]
Descripción Física:
[12] p. : il., principalment col. ; 32 x 24 cm
Materias:
Centre Cultural Sant Cugat
MARC
| LEADER | 00000nam a2200000Ia 4500 | ||
|---|---|---|---|
| 001 | 10830 | ||
| 008 | 160829s9999 xx 000 0 cat d | ||
| 080 | |a FU-27-24 | ||
| 100 | |a Centre Cultural Sant Cugat |9 21163 | ||
| 245 | |a Centre Cultural Sant Cugat | ||
| 260 | |a Sant Cugat del Vallès : |b Ajuntament de Sant Cugat del Vallès : |b Centre Cultural Sant Cugat, [1995?] | ||
| 300 | |a [12] p. : |b il., principalment col. ; |c 32 x 24 cm | ||
| 650 | |a Centre Cultural Sant Cugat |9 21163 | ||
| 710 | 1 | |a Sant Cugat del Vallès (Catalunya). |b Ajuntament |9 53923 | |
| 901 | |a Arxiu | ||
| 942 | |n 1 | ||
| 952 | |0 0 |1 0 |4 0 |6 FU2724 |7 1 |9 41810 |a Arxiu |b Arxiu |d 2016-12-01 |l 0 |o FU-27-24 |p 10830 |r 2016-12-01 00:00:00 |w 2016-12-01 |y ARXIU | ||
| 999 | |c 43733 |d 43733 | ||